Las transformaciones generales del derecho privado desde el código de Napoleón / (Record no. 13609)

MARC details
000 -LEADER
campo de control de longitud fija 00672nam a2200217 i 4500
001 - NÚMERO DE CONTROL
campo de control 13609
003 - IDENTIFICADOR DE NÚMERO DE CONTROL
campo de control ES-MaACL
005 - FECHA Y HORA DE LA ÚLTIMA TRANSACCIÓN
campo de control 20250809040607.0
007 - CAMPO FIJO DE DESCRIPCIÓN FÍSICA--INFORMACIÓN GENERAL
campo de control de longitud fija t|
008 - DATOS DE LONGITUD FIJA--INFORMACIÓN GENERAL
campo de control de longitud fija 921221s1987 cl ||||0| spa d
080 ## - NÚMERO DE LA CLASIFICACIÓN DECIMAL UNIVERSAL
Número de la Clasificación Decimal Universal 347(04)
100 1# - ENTRADA PRINCIPAL--NOMBRE DE PERSONA
Nombre de persona Duguit, Léon.
9 (RLIN) 45936
245 14 - MENCIÓN DEL TÍTULO
Título Las transformaciones generales del derecho privado desde el código de Napoleón /
Mención de responsabilidad, etc. León Duguit.
260 ## - PUBLICACIÓN, DISTRIBUCIÓN, ETC.
Lugar de publicación, distribución, etc. Valparaíso :
Nombre del editor, distribuidor, etc. Edeval,
Fecha de publicación, distribución, etc. [1987]
300 ## - DESCRIPCIÓN FÍSICA
Extensión 179 p. ;
Dimensiones 19 cm.
490 1# - MENCIÓN DE SERIE
Mención de serie Juristas perennes ;
Designación de volumen o secuencia 8
650 07 - PUNTO DE ACCESO ADICIONAL DE MATERIA--TÉRMINO DE MATERIA
Término de materia o nombre geográfico como elemento de entrada Derecho civil
Fuente del encabezamiento o término embne
9 (RLIN) 11656
830 0# - PUNTO DE ACCESO ADICIONAL DE SERIE-TÍTULO UNIFORME
Título uniforme Juristas perennes ;
Designación de volumen o secuencia 8
9 (RLIN) 179517
852 ## - LOCALIZACIÓN
Ubicación ES-MaACL
Número de control de estantería L-20963
Sublocalización o colección R.126635
Holdings
Estatus retirado Estado de pérdida Estado de daño No para préstamo Biblioteca de origen Biblioteca actual Ubicación en estantería Fecha de adquisición Fuente de adquisición Total de préstamos Signatura topográfica completa Código de barras Visto por última vez Precio de reemplazo Tipo de ítem Koha
        Biblioteca del Ateneo de Madrid Biblioteca del Ateneo de Madrid Depósito 2 17/01/2008     L-20963 1013853 23/02/2023 23/02/2023 Libro impreso